| 000 | 00742nam a2200241Ia 4500 | ||
|---|---|---|---|
| 001 | 19568 | ||
| 003 | DO-CoUTE | ||
| 005 | 20260204212557.0 | ||
| 008 | 220104s9999 dr 000 0 spa d | ||
| 020 | _a987-1142-97-8 | ||
| 040 |
_aDO-CoUTE _bspa _cDO-CoUTE |
||
| 041 | 0 | _aspa | |
| 082 | _a306.43 Y95m | ||
| 100 | 1 | _aYuni, José A. | |
| 245 | 1 | 0 | _aMapas y herramientas para conocer la escuela:investigación etnográfica e investigación-acción / José A. Yuni, Claudio A. Urbano |
| 250 | _aTercera edición | ||
| 260 | _aCórdoba, Argentina : Editorial Brujas | ||
| 300 | _a282 páginas | ||
| 650 | 4 | _aSociología de la educación | |
| 942 |
_2ddc _cBK |
||
| 999 |
_c20735 _d20735 |
||